[Event "Dutch Internet Championship Final"]
[Site "playchess.com #038132"]
[Date "2011.06.18"]
[Round "3.1"]
[White "kingloek"]
[Black "Christov"]
[Result "1/2-1/2"]
[WhiteElo "2898"]
[BlackElo "2500"]
[PlyCount "134"]
[EventDate "2011.06.18"]
[EventType "match (blitz)"]
[TimeControl "180+3"]

1. d4 {[%emt 0:00:04]} Nf6 {[%emt 0:00:01]} 2. c4 {[%emt 0:00:01]} g6 {[%emt 0:
00:01]} 3. Nc3 {[%emt 0:00:01]} Bg7 {[%emt 0:00:01]} 4. e4 {[%emt 0:00:01]} d6
{[%emt 0:00:01]} 5. Nf3 {[%emt 0:00:01]} O-O {[%emt 0:00:01]} 6. Be2 {[%emt 0:
00:00]} Na6 {[%emt 0:00:01]} 7. Bf4 {[%emt 0:00:04]} Nd7 {[%emt 0:00:08]} 8.
O-O {[%emt 0:00:06]} e5 {[%emt 0:00:05]} 9. Bg5 {[%emt 0:00:01]} Qe8 {[%emt 0:
00:03]} 10. Re1 {[%emt 0:00:12]} h6 {[%emt 0:00:13]} 11. Bh4 {[%emt 0:00:05]}
exd4 {[%emt 0:00:22]} 12. Nxd4 {[%emt 0:00:04]} Ne5 {[%emt 0:00:01]} 13. Nd5 {
[%emt 0:00:08]} g5 {[%emt 0:00:07]} 14. Bg3 {[%emt 0:00:01]} c6 {[%emt 0:00:01]
} 15. Ne3 {[%emt 0:00:02]} Nc5 {[%emt 0:00:03]} 16. Qc2 {[%emt 0:00:34]} Qe7 {
[%emt 0:00:57]} 17. Ndf5 {[%emt 0:00:11]} Qc7 {[%emt 0:00:04]} 18. Rad1 {[%emt
0:00:04]} Bxf5 {[%emt 0:00:03]} 19. Nxf5 {[%emt 0:00:02]} Rad8 {[%emt 0:00:01]}
20. h4 {[%emt 0:00:07]} Ne6 {[%emt 0:00:04]} 21. hxg5 {[%emt 0:00:09]} hxg5 {
[%emt 0:00:01]} 22. Rd2 {[%emt 0:00:12]} Rd7 {[%emt 0:00:09]} 23. Red1 {[%emt
0:00:04]} Rfd8 {[%emt 0:00:02]} 24. b4 {[%emt 0:00:09]} Bf8 {[%emt 0:00:05]}
25. a3 {[%emt 0:00:22]} Nf4 {[%emt 0:00:17]} 26. Bxf4 {[%emt 0:00:08]} gxf4 {
[%emt 0:00:01]} 27. Qc3 {[%emt 0:00:01]} Ng6 {[%emt 0:00:05]} 28. Bg4 {[%emt 0:
00:20]} d5 {[%emt 0:00:25]} 29. cxd5 {[%emt 0:00:20]} cxd5 {[%emt 0:00:02]} 30.
Qxc7 {[%emt 0:00:01]} Rxc7 {[%emt 0:00:00]} 31. exd5 {[%emt 0:00:01]} Rc3 {
[%emt 0:00:03]} 32. Ra2 {[%emt 0:00:25]} Ne5 {[%emt 0:00:18]} 33. Bh3 {[%emt 0:
00:02]} Nc4 {[%emt 0:00:08]} 34. Rd4 {[%emt 0:00:11]} Nxa3 {[%emt 0:00:04]} 35.
d6 {[%emt 0:00:13]} Nb5 {[%emt 0:00:05]} 36. Rxf4 {[%emt 0:00:03]} Rc1+ {[%emt
0:00:07]} 37. Kh2 {[%emt 0:00:02]} Bxd6 {[%emt 0:00:01]} 38. Nxd6 {[%emt 0:00:
01]} Rxd6 {[%emt 0:00:00]} 39. Re2 {[%emt 0:00:04]} Kf8 {[%emt 0:00:03]} 40.
Re5 {[%emt 0:00:06]} a6 {[%emt 0:00:04]} 41. Bg4 {[%emt 0:00:02]} Rd4 {[%emt 0:
00:04]} 42. Ree4 {[%emt 0:00:06]} Rxe4 {[%emt 0:00:01]} 43. Rxe4 {[%emt 0:00:
01]} Rc2 {[%emt 0:00:04]} 44. Rf4 {[%emt 0:00:03]} Ke7 {[%emt 0:00:02]} 45. Bh5
{[%emt 0:00:06]} Nd6 {[%emt 0:00:01]} 46. g4 {[%emt 0:00:02]} b6 {[%emt 0:00:
04]} 47. Kg3 {[%emt 0:00:02]} Rc4 {[%emt 0:00:12]} 48. Rxc4 {[%emt 0:00:04]}
Nxc4 {[%emt 0:00:01]} 49. g5 {[%emt 0:00:01]} Ne5 {[%emt 0:00:08]} 50. Be2 {
[%emt 0:00:05]} b5 {[%emt 0:00:01]} 51. Kf4 {[%emt 0:00:09]} Nc6 {[%emt 0:00:
01]} 52. Ke4 {[%emt 0:00:01]} Nxb4 {[%emt 0:00:01]} 53. Kd4 {[%emt 0:00:01]}
Kd6 {[%emt 0:00:01]} 54. f4 {[%emt 0:00:04]} Nc6+ {[%emt 0:00:01]} 55. Ke4 {
[%emt 0:00:01]} Nd8 {[%emt 0:00:18]} 56. f5 {[%emt 0:00:03]} Nb7 {[%emt 0:00:
07]} 57. Bh5 {[%emt 0:00:05]} Ke7 {[%emt 0:00:04]} 58. f6+ {[%emt 0:00:02]} Kf8
{[%emt 0:00:01]} 59. Kd5 {[%emt 0:00:03]} Nd8 {[%emt 0:00:02]} 60. Bg4 {[%emt
0:00:03]} a5 {[%emt 0:00:08]} 61. Kc5 {[%emt 0:00:02]} b4 {[%emt 0:00:01]} 62.
Kb5 {[%emt 0:00:02]} b3 {[%emt 0:00:03]} 63. Kxa5 {[%emt 0:00:04]} b2 {[%emt 0:
00:02]} 64. Bf5 {[%emt 0:00:01]} Ne6 {[%emt 0:00:03]} 65. Kb4 {[%emt 0:00:03]}
Nxg5 {[%emt 0:00:01]} 66. Kc3 {[%emt 0:00:03]} Kg8 {[%emt 0:00:06]} 67. Kxb2 {
[%emt 0:00:02]} Nh7 {[%emt 0:00:00] Christov doet een remise aanbod  (Lag:
Av=0.48s, max=2.2s)} 1/2-1/2

[Event "Dutch Internet Championship Final"]
[Site "playchess.com #038132"]
[Date "2011.06.18"]
[Round "3.1"]
[White "Jan Smeets"]
[Black "Ivan Sokolov"]
[Result "1/2-1/2"]
[WhiteElo "2833"]
[BlackElo "2401"]
[PlyCount "182"]
[EventDate "2011.06.18"]
[EventType "match (blitz)"]
[TimeControl "180+3"]

1. e4 {[%emt 0:00:02]} e5 {[%emt 0:00:02]} 2. Nf3 {[%emt 0:00:01]} Nc6 {[%emt
0:00:01]} 3. Bb5 {[%emt 0:00:01]} a6 {[%emt 0:00:01]} 4. Ba4 {[%emt 0:00:01]}
d6 {[%emt 0:00:01]} 5. c3 {[%emt 0:00:10]} Bd7 {[%emt 0:00:02]} 6. d4 {[%emt 0:
00:04]} g6 {[%emt 0:00:02]} 7. O-O {[%emt 0:00:04]} Bg7 {[%emt 0:00:02]} 8. Re1
{[%emt 0:00:15]} Nf6 {[%emt 0:00:35]} 9. dxe5 {[%emt 0:00:19]} Nxe5 {[%emt 0:
00:03]} 10. Nxe5 {[%emt 0:00:03]} dxe5 {[%emt 0:00:02]} 11. Bxd7+ {[%emt 0:00:
13]} Qxd7 {[%emt 0:00:07]} 12. Qxd7+ {[%emt 0:00:21]} Nxd7 {[%emt 0:00:02]} 13.
Be3 {[%emt 0:00:01]} f5 {[%emt 0:00:12]} 14. f3 {[%emt 0:00:05]} O-O-O {[%emt
0:00:11]} 15. Nd2 {[%emt 0:00:13]} Nf6 {[%emt 0:00:02]} 16. Nc4 {[%emt 0:00:07]
} fxe4 {[%emt 0:00:07]} 17. Nxe5 {[%emt 0:00:05]} Rde8 {[%emt 0:00:07]} 18. f4
{[%emt 0:00:18]} Nd5 {[%emt 0:00:03]} 19. Nc4 {[%emt 0:00:03]} b5 {[%emt 0:00:
30]} 20. Nd2 {[%emt 0:00:04]} b4 {[%emt 0:00:07]} 21. Rac1 {[%emt 0:01:00]}
bxc3 {[%emt 0:00:07]} 22. bxc3 {[%emt 0:00:00]} Rhf8 {[%emt 0:00:16]} 23. g3 {
[%emt 0:00:21]} Bxc3 {[%emt 0:00:03]} 24. Re2 {[%emt 0:00:07]} g5 {[%emt 0:00:
20] '} 25. fxg5 {[%emt 0:00:08]} Rf3 {[%emt 0:00:21]} 26. Bc5 {[%emt 0:00:02]}
Bxd2 {[%emt 0:00:23]} 27. Rxd2 {[%emt 0:00:00]} c6 {[%emt 0:00:03]} 28. Rb2 {
[%emt 0:00:08]} Rc3 {[%emt 0:00:13]} 29. Rxc3 {[%emt 0:00:03]} Nxc3 {[%emt 0:
00:02]} 30. Bd4 {[%emt 0:00:04]} Nd5 {[%emt 0:00:03]} 31. Kf2 {[%emt 0:00:04]}
Rf8+ {[%emt 0:00:04]} 32. Ke2 {[%emt 0:00:01]} Rf3 {[%emt 0:00:02]} 33. Be5 {
[%emt 0:00:02]} Kd7 {[%emt 0:00:04]} 34. Rc2 {[%emt 0:00:02]} Ra3 {[%emt 0:00:
03]} 35. Kf2 {[%emt 0:00:04]} Nb4 {[%emt 0:00:03]} 36. Rd2+ {[%emt 0:00:03]}
Ke6 {[%emt 0:00:05]} 37. Bd6 {[%emt 0:00:01]} Nd3+ {[%emt 0:00:03]} 38. Ke3 {
[%emt 0:00:01]} Ra4 {[%emt 0:00:09]} 39. Bf8 {[%emt 0:00:05]} Ne5 {[%emt 0:00:
02]} 40. Re2 {[%emt 0:00:04]} Ng4+ {[%emt 0:00:04]} 41. Kf4 {[%emt 0:00:03]}
e3+ {[%emt 0:00:02]} 42. Kf3 {[%emt 0:00:00]} Kf5 {[%emt 0:00:02]} 43. h3 {
[%emt 0:00:04]} Ne5+ {[%emt 0:00:02]} 44. Kxe3 {[%emt 0:00:01]} Kxg5 {[%emt 0:
00:02]} 45. Kf2 {[%emt 0:00:04]} Kf5 {[%emt 0:00:01]} 46. g4+ {[%emt 0:00:02]}
Kf6 {[%emt 0:00:02]} 47. Bd6 {[%emt 0:00:07]} Nc4 {[%emt 0:00:02]} 48. Bf4 {
[%emt 0:00:02]} c5 {[%emt 0:00:03]} 49. h4 {[%emt 0:00:01]} Nb6 {[%emt 0:00:01]
} 50. Kf3 {[%emt 0:00:03]} Nd5 {[%emt 0:00:01]} 51. g5+ {[%emt 0:00:01]} Kf7 {
[%emt 0:00:02]} 52. Bg3 {[%emt 0:00:01]} Ra3+ {[%emt 0:00:03]} 53. Kg4 {[%emt
0:00:02]} c4 {[%emt 0:00:02]} 54. Re5 {[%emt 0:00:04]} Ne3+ {[%emt 0:00:01]}
55. Kh5 {[%emt 0:00:01]} Nd1 {[%emt 0:00:08]} 56. Rf5+ {[%emt 0:00:06]} Ke6 {
[%emt 0:00:03]} 57. Rf6+ {[%emt 0:00:03]} Kd5 {[%emt 0:00:08]} 58. Rd6+ {[%emt
0:00:04]} Ke4 {[%emt 0:00:01]} 59. Rxd1 {[%emt 0:00:01]} Rxg3 {[%emt 0:00:01]}
60. Rd7 {[%emt 0:00:01]} c3 {[%emt 0:00:05]} 61. Rxh7 {[%emt 0:00:01]} c2 {
[%emt 0:00:03]} 62. Rc7 {[%emt 0:00:01]} Kd3 {[%emt 0:00:02]} 63. g6 {[%emt 0:
00:03]} Kd2 {[%emt 0:00:02]} 64. Rxc2+ {[%emt 0:00:02]} Kxc2 {[%emt 0:00:01]}
65. Kh6 {[%emt 0:00:00]} a5 {[%emt 0:00:01]} 66. h5 {[%emt 0:00:02]} a4 {[%emt
0:00:01]} 67. Kg7 {[%emt 0:00:01]} a3 {[%emt 0:00:02]} 68. h6 {[%emt 0:00:01]}
Kb2 {[%emt 0:00:01]} 69. h7 {[%emt 0:00:00]} Rh3 {[%emt 0:00:01]} 70. Kf8 {
[%emt 0:00:19]} Kxa2 {[%emt 0:00:08]} 71. g7 {[%emt 0:00:01]} Rxh7 {[%emt 0:00:
07]} 72. g8=Q+ {[%emt 0:00:01]} Kb2 {[%emt 0:00:01]} 73. Qg2+ {[%emt 0:00:01]}
Kb1 {[%emt 0:00:06]} 74. Qe4+ {[%emt 0:00:02]} Kb2 {[%emt 0:00:02]} 75. Qb4+ {
[%emt 0:00:03]} Ka2 {[%emt 0:00:07]} 76. Ke8 {[%emt 0:00:11]} Rg7 {[%emt 0:00:
04]} 77. Kd8 {[%emt 0:00:05]} Rh7 {[%emt 0:00:03]} 78. Kc8 {[%emt 0:00:05]} Rg7
{[%emt 0:00:01]} 79. Qc3 {[%emt 0:00:02]} Rh7 {[%emt 0:00:03]} 80. Qc2+ {[%emt
0:00:05]} Ka1 {[%emt 0:00:02]} 81. Kb8 {[%emt 0:00:09]} Rf7 {[%emt 0:00:15]}
82. Ka8 {[%emt 0:00:08]} Rh7 {[%emt 0:00:03]} 83. Kb8 {[%emt 0:00:00]} Rf7 {
[%emt 0:00:02]} 84. Qb3 {[%emt 0:00:02]} a2 {[%emt 0:00:03]} 85. Qc2 {[%emt 0:
00:02]} Rb7+ {[%emt 0:00:03]} 86. Ka8 {[%emt 0:00:02]} Ra7+ {[%emt 0:00:01]}
87. Kb8 {[%emt 0:00:00]} Rb7+ {[%emt 0:00:01]} 88. Kc8 {[%emt 0:00:01]} Rc7+ {
[%emt 0:00:02]} 89. Qxc7 {[%emt 0:00:01]} Kb1 {[%emt 0:00:01]} 90. Qa7 {[%emt
0:00:01]} a1=Q {[%emt 0:00:03]} 91. Qxa1+ {[%emt 0:00:01]} Kxa1 {[%emt 0:00:01]
(Lag: Av=0.38s, max=2.0s)} 1/2-1/2

[Event "Dutch Internet Championship Final"]
[Site "playchess.com #038132"]
[Date "2011.06.18"]
[Round "3.2"]
[White "Christov"]
[Black "kingloek"]
[Result "1/2-1/2"]
[WhiteElo "2514"]
[BlackElo "2884"]
[PlyCount "103"]
[EventDate "2011.06.18"]
[EventType "match (blitz)"]
[TimeControl "180+3"]

1. e4 {[%emt 0:00:01]} c5 {[%emt 0:00:01]} 2. Nf3 {[%emt 0:00:01]} d6 {[%emt 0:
00:01]} 3. Nc3 {[%emt 0:00:01]} Nf6 {[%emt 0:00:02]} 4. e5 {[%emt 0:00:01]}
dxe5 {[%emt 0:00:03]} 5. Nxe5 {[%emt 0:00:00]} Nbd7 {[%emt 0:00:06]} 6. Nc4 {
[%emt 0:00:01]} g6 {[%emt 0:00:08]} 7. Qe2 {[%emt 0:00:02]} Bg7 {[%emt 0:00:12]
} 8. Nd6+ {[%emt 0:00:03]} Kf8 {[%emt 0:00:01]} 9. Nxc8 {[%emt 0:00:00]} Rxc8 {
[%emt 0:00:01]} 10. g3 {[%emt 0:00:01]} Qc7 {[%emt 0:00:09]} 11. Bg2 {[%emt 0:
00:03]} a6 {[%emt 0:00:06]} 12. d3 {[%emt 0:00:07]} h5 {[%emt 0:00:04]} 13. h4
{[%emt 0:00:02]} Bh6 {[%emt 0:00:03]} 14. O-O {[%emt 0:00:07]} Bxc1 {[%emt 0:
00:06]} 15. Raxc1 {[%emt 0:00:01]} e6 {[%emt 0:00:01]} 16. Ne4 {[%emt 0:00:11]}
Kg7 {[%emt 0:00:01]} 17. Ng5 {[%emt 0:00:03]} Rhe8 {[%emt 0:00:02]} 18. c3 {
[%emt 0:00:13]} b5 {[%emt 0:00:16]} 19. Rfe1 {[%emt 0:00:09]} Qb6 {[%emt 0:00:
12]} 20. Bh3 {[%emt 0:00:07]} a5 {[%emt 0:00:09]} 21. Kh2 {[%emt 0:00:06]} b4 {
[%emt 0:00:03]} 22. c4 {[%emt 0:00:13]} Qd6 {[%emt 0:00:07]} 23. f4 {[%emt 0:
00:10]} Rcd8 {[%emt 0:00:05]} 24. Rcd1 {[%emt 0:00:03]} Nb8 {[%emt 0:00:01]}
25. Bg2 {[%emt 0:00:14]} Nc6 {[%emt 0:00:10]} 26. Bxc6 {[%emt 0:00:05]} Ng4+ {
[%emt 0:00:02]} 27. Kg1 {[%emt 0:00:17]} Qxc6 {[%emt 0:00:03]} 28. Nf3 {[%emt
0:00:03]} Qb6 {[%emt 0:00:14]} 29. Ne5 {[%emt 0:00:03]} Nh6 {[%emt 0:00:02]}
30. Qf2 {[%emt 0:00:09]} Nf5 {[%emt 0:00:05]} 31. Kh2 {[%emt 0:00:01]} Qd6 {
[%emt 0:00:03]} 32. Nf3 {[%emt 0:00:07]} Qe7 {[%emt 0:00:06]} 33. Kg2 {[%emt 0:
00:08]} Qd6 {[%emt 0:00:27]} 34. Re5 {[%emt 0:00:04]} Rc8 {[%emt 0:00:04]} 35.
d4 {[%emt 0:00:02]} Red8 {[%emt 0:00:11]} 36. d5 {[%emt 0:00:05]} Qa6 {[%emt 0:
00:02]} 37. b3 {[%emt 0:00:06]} exd5 {[%emt 0:00:04]} 38. Rexd5 {[%emt 0:00:04]
} Re8 {[%emt 0:00:04]} 39. Ne5 {[%emt 0:00:10]} Qb7 {[%emt 0:00:14]} 40. Kg1 {
[%emt 0:00:08]} Re7 {[%emt 0:00:03]} 41. R1d3 {[%emt 0:00:08]} Qb6 {[%emt 0:00:
11]} 42. Rd7 {[%emt 0:00:20]} Rc7 {[%emt 0:00:09]} 43. Rd8 {[%emt 0:00:14]} Qe6
{[%emt 0:00:11]} 44. Ra8 {[%emt 0:00:09]} f6 {[%emt 0:00:02]} 45. Nf3 {[%emt 0:
00:05]} Qe4 {[%emt 0:00:08]} 46. Rdd8 {[%emt 0:00:02]} Qb1+ {[%emt 0:00:03]}
47. Kh2 {[%emt 0:00:04]} Ne3 {[%emt 0:00:01]} 48. Rg8+ {[%emt 0:00:03]} Kh7 {
[%emt 0:00:01]} 49. Rh8+ {[%emt 0:00:26]} Kg7 {[%emt 0:00:02]} 50. Rhg8+ {
[%emt 0:00:02]} Kh7 {[%emt 0:00:02]} 51. Rh8+ {[%emt 0:00:14]} Kg7 {[%emt 0:00:
01]} 52. Rhg8+ {[%emt 0:00:05] (Lag: Av=0.59s, max=6.0s)} 1/2-1/2

[Event "Dutch Internet Championship Final"]
[Site "playchess.com #038132"]
[Date "2011.06.18"]
[Round "3.2"]
[White "Ivan Sokolov"]
[Black "Jan Smeets"]
[Result "1-0"]
[WhiteElo "2422"]
[BlackElo "2819"]
[PlyCount "55"]
[EventDate "2011.06.18"]
[EventType "match (blitz)"]
[TimeControl "180+3"]

1. b3 {[%emt 0:00:02]} d5 {[%emt 0:00:05]} 2. Bb2 {[%emt 0:00:01]} c5 {[%emt 0:
00:01]} 3. e3 {[%emt 0:00:02]} a6 {[%emt 0:00:01]} 4. f4 {[%emt 0:00:04]} Nc6 {
[%emt 0:00:01]} 5. Nf3 {[%emt 0:00:01]} Bg4 {[%emt 0:00:07]} 6. Be2 {[%emt 0:
00:03]} e6 {[%emt 0:00:06]} 7. d3 {[%emt 0:00:02]} Nf6 {[%emt 0:00:04]} 8. Ne5
{[%emt 0:00:09]} Bxe2 {[%emt 0:00:03]} 9. Qxe2 {[%emt 0:00:02]} Nxe5 {[%emt 0:
00:02]} 10. fxe5 {[%emt 0:00:02]} Nd7 {[%emt 0:00:01]} 11. O-O {[%emt 0:00:02]}
g6 {[%emt 0:00:03]} 12. Qf3 {[%emt 0:00:06]} Qe7 {[%emt 0:00:01]} 13. c4 {
[%emt 0:00:03]} Bg7 {[%emt 0:00:15]} 14. Qg3 {[%emt 0:00:11]} O-O {[%emt 0:00:
47]} 15. Nd2 {[%emt 0:00:02]} b5 {[%emt 0:00:12]} 16. Rac1 {[%emt 0:00:02]}
Rab8 {[%emt 0:00:18]} 17. Ba1 {[%emt 0:00:05]} a5 {[%emt 0:00:03]} 18. Nf3 {
[%emt 0:00:03]} a4 {[%emt 0:00:04]} 19. bxa4 {[%emt 0:00:28]} bxc4 {[%emt 0:00:
33]} 20. dxc4 {[%emt 0:00:03]} Bh6 {[%emt 0:00:01]} 21. Rc3 {[%emt 0:00:43]}
Nb6 {[%emt 0:00:10]} 22. Qh3 {[%emt 0:00:14]} Bg7 {[%emt 0:00:10]} 23. cxd5 {
[%emt 0:00:05]} Nxd5 {[%emt 0:00:03]} 24. Rcc1 {[%emt 0:00:28]} Nxe3 {[%emt 0:
00:02]} 25. Rfe1 {[%emt 0:00:02]} Nd5 {[%emt 0:00:01]} 26. Rc4 {[%emt 0:00:05]}
Rb4 {[%emt 0:00:07]} 27. Qg4 {[%emt 0:00:12]} Ne3 {[%emt 0:00:02]} 28. Rxe3 {
[%emt 0:00:04] Jan Smeets resigns  (Lag: Av=0.57s, max=2.1s)} 1-0

[Event "Dutch Internet Championship Final"]
[Site "playchess.com #038132"]
[Date "2011.06.18"]
[Round "3.3"]
[White "Jan Smeets"]
[Black "Ivan Sokolov"]
[Result "1-0"]
[WhiteElo "2788"]
[BlackElo "2459"]
[PlyCount "107"]
[EventDate "2011.06.18"]
[EventType "match (blitz)"]
[TimeControl "180+3"]

1. e4 {[%emt 0:00:02]} e5 {[%emt 0:00:19]} 2. Nf3 {[%emt 0:00:01]} Nc6 {[%emt
0:00:01]} 3. d4 {[%emt 0:00:02]} exd4 {[%emt 0:00:02]} 4. Nxd4 {[%emt 0:00:01]}
Nge7 {[%emt 0:00:01]} 5. Be3 {[%emt 0:00:10]} Nxd4 {[%emt 0:00:02]} 6. Qxd4 {
[%emt 0:00:00]} Nc6 {[%emt 0:00:02]} 7. Qd2 {[%emt 0:00:01]} Bb4 {[%emt 0:00:
02]} 8. Nc3 {[%emt 0:00:03]} O-O {[%emt 0:00:02]} 9. a3 {[%emt 0:00:01]} Ba5 {
[%emt 0:00:01]} 10. Bd3 {[%emt 0:00:27]} d6 {[%emt 0:00:03]} 11. O-O-O {[%emt
0:00:13]} Ne5 {[%emt 0:00:06]} 12. h4 {[%emt 0:00:09]} Be6 {[%emt 0:00:07]} 13.
h5 {[%emt 0:00:01]} b5 {[%emt 0:00:05]} 14. h6 {[%emt 0:00:25]} g6 {[%emt 0:00:
03]} 15. Bxb5 {[%emt 0:00:37]} Rb8 {[%emt 0:00:03]} 16. b4 {[%emt 0:00:01]} c5
{[%emt 0:00:15]} 17. bxa5 {[%emt 0:00:54]} Qxa5 {[%emt 0:00:05]} 18. a4 {[%emt
0:00:01]} a6 {[%emt 0:00:08]} 19. Nd5 {[%emt 0:00:25]} Qxd2+ {[%emt 0:00:04]}
20. Rxd2 {[%emt 0:00:00]} Bxd5 {[%emt 0:00:15]} 21. Rxd5 {[%emt 0:00:01]} axb5
{[%emt 0:00:02]} 22. Rxd6 {[%emt 0:00:13]} Nc4 {[%emt 0:00:06]} 23. Ra6 {[%emt
0:00:02]} Nxe3 {[%emt 0:00:02]} 24. fxe3 {[%emt 0:00:01]} Rfe8 {[%emt 0:00:07]}
25. axb5 {[%emt 0:00:10]} Rxb5 {[%emt 0:00:02]} 26. Ra4 {[%emt 0:00:09]} f6 {
[%emt 0:00:33] '} 27. Rd1 {[%emt 0:00:02]} Kf7 {[%emt 0:00:17]} 28. Rd7+ {
[%emt 0:00:02]} Re7 {[%emt 0:00:02]} 29. Rxe7+ {[%emt 0:00:01]} Kxe7 {[%emt 0:
00:01]} 30. Ra7+ {[%emt 0:00:00]} Ke6 {[%emt 0:00:06]} 31. Rxh7 {[%emt 0:00:05]
} c4 {[%emt 0:00:01]} 32. g4 {[%emt 0:00:06]} Ra5 {[%emt 0:00:02]} 33. Kb2 {
[%emt 0:00:03]} Ra8 {[%emt 0:00:14]} 34. Kc3 {[%emt 0:00:03]} Ke5 {[%emt 0:00:
04]} 35. Re7+ {[%emt 0:00:01]} Kd6 {[%emt 0:00:01]} 36. Rg7 {[%emt 0:00:01]} g5
{[%emt 0:00:03]} 37. Kd4 {[%emt 0:00:03]} Rh8 {[%emt 0:00:09]} 38. h7 {[%emt 0:
00:01]} c3 {[%emt 0:00:01]} 39. Kxc3 {[%emt 0:00:02]} Ke5 {[%emt 0:00:01]} 40.
Kd3 {[%emt 0:00:00]} Rd8+ {[%emt 0:00:01]} 41. Ke2 {[%emt 0:00:02]} Rh8 {[%emt
0:00:01]} 42. Kf3 {[%emt 0:00:02]} Ke6 {[%emt 0:00:03]} 43. Ra7 {[%emt 0:00:03]
} Kd6 {[%emt 0:00:03]} 44. Ke2 {[%emt 0:00:03]} Ke5 {[%emt 0:00:02]} 45. Re7+ {
[%emt 0:00:02]} Kd6 {[%emt 0:00:02]} 46. Rb7 {[%emt 0:00:04]} Ke5 {[%emt 0:00:
01]} 47. Kf3 {[%emt 0:00:03]} Ke6 {[%emt 0:00:04]} 48. c4 {[%emt 0:00:01]} Kd6
{[%emt 0:00:01]} 49. Ke2 {[%emt 0:00:02]} Ke5 {[%emt 0:00:02]} 50. Kf3 {[%emt
0:00:01]} Kd6 {[%emt 0:00:01]} 51. Rg7 {[%emt 0:00:00]} Kc5 {[%emt 0:00:03]}
52. e5 {[%emt 0:00:03]} fxe5 {[%emt 0:00:04]} 53. Ke4 {[%emt 0:00:01]} Kd6 {
[%emt 0:00:06]} 54. Kf5 {[%emt 0:00:04] Ivan Sokolov resigns  (Lag: Av=0.35s,
max=1.3s)} 1-0

[Event "Dutch Internet Championship Final"]
[Site "playchess.com #038132"]
[Date "2011.06.18"]
[Round "3.3"]
[White "kingloek"]
[Black "Christov"]
[Result "1-0"]
[WhiteElo "2871"]
[BlackElo "2527"]
[PlyCount "161"]
[EventDate "2011.06.18"]
[EventType "match (blitz)"]
[TimeControl "180+3"]

1. d4 {[%emt 0:00:02]} Nf6 {[%emt 0:00:01]} 2. c4 {[%emt 0:00:01]} g6 {[%emt 0:
00:00]} 3. Nc3 {[%emt 0:00:00]} Bg7 {[%emt 0:00:00]} 4. e4 {[%emt 0:00:00]} d6
{[%emt 0:00:00]} 5. Nf3 {[%emt 0:00:00]} O-O {[%emt 0:00:00]} 6. Be2 {[%emt 0:
00:00]} e5 {[%emt 0:00:02]} 7. O-O {[%emt 0:00:01]} Na6 {[%emt 0:00:01]} 8. Re1
{[%emt 0:00:01]} c6 {[%emt 0:00:13]} 9. Be3 {[%emt 0:00:03]} Ng4 {[%emt 0:00:
05]} 10. Bg5 {[%emt 0:00:01]} f6 {[%emt 0:00:02]} 11. Bc1 {[%emt 0:00:02]} exd4
{[%emt 0:00:14]} 12. Nxd4 {[%emt 0:00:02]} Ne5 {[%emt 0:00:02]} 13. f4 {[%emt
0:00:08]} Nf7 {[%emt 0:00:02]} 14. Bf3 {[%emt 0:00:06]} Nc5 {[%emt 0:00:03]}
15. Be3 {[%emt 0:00:12]} a5 {[%emt 0:00:03]} 16. Qd2 {[%emt 0:00:05]} Qe7 {
[%emt 0:00:06]} 17. Rad1 {[%emt 0:00:03]} Bd7 {[%emt 0:00:06]} 18. Bf2 {[%emt
0:00:05]} Rfe8 {[%emt 0:00:11]} 19. b3 {[%emt 0:00:06]} a4 {[%emt 0:00:18]} 20.
b4 {[%emt 0:00:04]} Na6 {[%emt 0:00:07]} 21. a3 {[%emt 0:00:13]} Nc7 {[%emt 0:
00:03]} 22. Nc2 {[%emt 0:00:28]} Qf8 {[%emt 0:00:12]} 23. Ne3 {[%emt 0:00:08]}
Ne6 {[%emt 0:00:14]} 24. g3 {[%emt 0:00:02]} Nc7 {[%emt 0:00:32]} 25. Qc2 {
[%emt 0:00:06]} b5 {[%emt 0:00:09]} 26. cxb5 {[%emt 0:00:03]} Nxb5 {[%emt 0:00:
02]} 27. Nxb5 {[%emt 0:00:06]} cxb5 {[%emt 0:00:01]} 28. Qc7 {[%emt 0:00:17]}
Be6 {[%emt 0:00:07]} 29. Rc1 {[%emt 0:00:13]} Rab8 {[%emt 0:00:08]} 30. Red1 {
[%emt 0:00:09]} Bb3 {[%emt 0:00:06]} 31. Re1 {[%emt 0:00:04]} Rec8 {[%emt 0:00:
11]} 32. Qa7 {[%emt 0:00:11]} Ra8 {[%emt 0:00:07]} 33. Qd7 {[%emt 0:00:02]}
Rab8 {[%emt 0:00:05]} 34. Bg4 {[%emt 0:00:29]} Rd8 {[%emt 0:00:04]} 35. Qa7 {
[%emt 0:00:09]} Nh6 {[%emt 0:00:02]} 36. Bf3 {[%emt 0:00:03]} Ra8 {[%emt 0:00:
07]} 37. Qc7 {[%emt 0:00:03]} Rac8 {[%emt 0:00:03]} 38. Qb7 {[%emt 0:00:08]}
Rb8 {[%emt 0:00:01]} 39. Qa6 {[%emt 0:00:01]} Nf7 {[%emt 0:00:06]} 40. Rc7 {
[%emt 0:00:06]} Qe8 {[%emt 0:00:11]} 41. Qc6 {[%emt 0:00:06]} Qxc6 {[%emt 0:00:
04]} 42. Rxc6 {[%emt 0:00:01]} Rd7 {[%emt 0:00:04]} 43. Rec1 {[%emt 0:00:02]}
Nd8 {[%emt 0:00:01]} 44. R6c3 {[%emt 0:00:08]} f5 {[%emt 0:00:03]} 45. Rd3 {
[%emt 0:00:03]} fxe4 {[%emt 0:00:02]} 46. Bxe4 {[%emt 0:00:01]} Ne6 {[%emt 0:
00:01]} 47. Bd5 {[%emt 0:00:08]} Re8 {[%emt 0:00:09]} 48. Kg2 {[%emt 0:00:09]}
Bxd5+ {[%emt 0:00:07]} 49. Nxd5 {[%emt 0:00:01]} Kf7 {[%emt 0:00:03]} 50. Rc6 {
[%emt 0:00:02]} Rb8 {[%emt 0:00:10]} 51. h3 {[%emt 0:00:04]} Nd8 {[%emt 0:00:
03]} 52. Rb6 {[%emt 0:00:10]} Rbb7 {[%emt 0:00:07]} 53. Kf3 {[%emt 0:00:05]}
Bf8 {[%emt 0:00:02]} 54. Ra6 {[%emt 0:00:04]} Ne6 {[%emt 0:00:05]} 55. g4 {
[%emt 0:00:04]} Rd8 {[%emt 0:00:02]} 56. Rc6 {[%emt 0:00:02]} Rbb8 {[%emt 0:00:
04]} 57. Rdc3 {[%emt 0:00:04]} Rd7 {[%emt 0:00:04]} 58. Rc1 {[%emt 0:00:03]}
Rdd8 {[%emt 0:00:08]} 59. Be3 {[%emt 0:00:06]} Rb7 {[%emt 0:00:01]} 60. f5 {
[%emt 0:00:04]} gxf5 {[%emt 0:00:01]} 61. gxf5 {[%emt 0:00:01]} Ng7 {[%emt 0:
00:00]} 62. Rc7+ {[%emt 0:00:01]} Rd7 {[%emt 0:00:01]} 63. Rxd7+ {[%emt 0:00:
08]} Rxd7 {[%emt 0:00:02]} 64. Ke4 {[%emt 0:00:01]} Nh5 {[%emt 0:00:05]} 65.
Bg5 {[%emt 0:00:03]} Bg7 {[%emt 0:00:02]} 66. Rc7 {[%emt 0:00:05]} Ng3+ {[%emt
0:00:07]} 67. Kf4 {[%emt 0:00:16]} Be5+ {[%emt 0:00:02]} 68. Kf3 {[%emt 0:00:
09]} Rxc7 {[%emt 0:00:08]} 69. Nxc7 {[%emt 0:00:01]} Nxf5 {[%emt 0:00:01]} 70.
Nxb5 {[%emt 0:00:01]} Ke6 {[%emt 0:00:04]} 71. Ke4 {[%emt 0:00:07]} d5+ {[%emt
0:00:03]} 72. Kd3 {[%emt 0:00:01]} Nd6 {[%emt 0:00:10]} 73. Nc7+ {[%emt 0:00:
05]} Kf5 {[%emt 0:00:01]} 74. Bc1 {[%emt 0:00:03]} Ne4 {[%emt 0:00:06]} 75.
Nxd5 {[%emt 0:00:03]} Nf2+ {[%emt 0:00:01]} 76. Kc4 {[%emt 0:00:01]} Nxh3 {
[%emt 0:00:00]} 77. b5 {[%emt 0:00:02]} h5 {[%emt 0:00:02]} 78. b6 {[%emt 0:00:
03]} h4 {[%emt 0:00:01]} 79. b7 {[%emt 0:00:05]} Nf2 {[%emt 0:00:03]} 80. Bf4 {
[%emt 0:00:04]} Ng4 {[%emt 0:00:10]} 81. Kb5 {[%emt 0:00:06] Christov geeft op
(Lag: Av=0.60s, max=4.2s)} 1-0